Calciatori del Barcellona nella Squadra dell'anno UEFA - Statistics

Statistiche generali
  • Questo quiz è stato fatto 30 volte
  • Il punteggio medio è 10 su 16
Statistiche sulle risposte
Numero apparizioni Edizioni apparizioni Nazione Calciatore % Corretto
12 2008; 2009; 2010; 2011; 2012; 2014; 2015; 2016; 2017; 2018; 2019; 2020 Argentina Lionel Messi
100%
6 2009; 2010; 2011; 2012; 2015; 2016 Spagna Andrés Iniesta
93%
1 2015 Brasile Neymar
93%
5 2008; 2009; 2010; 2011; 2012 Spagna Xavi
86%
2 2005; 2006 Camerun Samuel Eto'o
79%
3 2004; 2005; 2006 Brasile Ronaldinho
75%
1 2009 Svezia Zlatan Ibrahimović
75%
6 2002; 2005; 2006; 2008; 2009; 2010 Spagna Carles Puyol
71%
5 2010; 2011; 2012; 2015; 2016 Spagna Gerard Piqué
68%
1 2018 Germania Marc-André ter Stegen
68%
3 2009; 2011; 2015 Brasile Dani Alves
61%
1 2010 Spagna David Villa
57%
1 2006 Italia Gianluca Zambrotta
50%
1 2007 Francia Éric Abidal
25%
1 2019 Paesi Bassi Frenkie de Jong
25%
1 2001 Svezia Patrik Andersson
0%
Nessun quiz corrispondente trovato
Distribuzione punteggi
Percentuale di utenti per punteggio
Percentile per numero di risposta
I tuoi punteggi nel tempo
Non hai fatto questo quiz